[Event "USCL New Jersey vs Queens"]
[Site "Internet Chess Club"]
[Date "2007.08.27"]
[Round "1"]
[White "Benjamin, Joel"]
[Black "Stripunsky, Alex"]
[Result "1-0"]
[WhiteElo "2651"]
[BlackElo "2686"]
[PlyCount "93"]
[EventDate "2007.??.??"]

1. e4 c5 2. Nf3 e6 3. d4 cxd4 4. Nxd4 a6 5. Bd3 Ne7 6. Nc3 Nbc6 7. Nb3 g6 8.
Bf4 d6 9. Be2 Ne5 10. Qd2 N7c6 11. a4 b6 12. Bg5 f6 13. Be3 Bg7 14. f4 Nf7 15.
Bf3 Na5 16. Qd3 Rb8 17. Nd4 Qc7 18. Rd1 O-O 19. O-O Re8 20. Bc1 Bb7 21. Bg4 f5
22. exf5 exf5 23. Bf3 Bxf3 24. Rxf3 Qc5 25. Rf2 Rbc8 26. g3 Qb4 27. Kg2 Rc4 28.
Nd5 Qc5 29. Nf3 Nc6 30. Be3 Rxe3 31. Qxe3 Qxe3 32. Nxe3 Rxa4 33. c3 b5 34. Nd5
b4 35. Re2 bxc3 36. Re8+ Bf8 37. bxc3 Kg7 38. Rb1 Ra2+ 39. Kf1 Nfd8 40. Nd4 Kf7
41. Nxc6 Nxc6 42. Rc8 Na5 43. Rbb8 Bg7 44. Rc7+ Ke6 45. Nb4 Ra1+ 46. Ke2 Bh6
47. Re8+ 1-0

[Event "USCL New Jersey vs Queens"]
[Site "Internet Chess Club"]
[Date "2007.08.27"]
[Round "1"]
[White "Vovsha, Eli"]
[Black "Bartell, Tom"]
[Result "1-0"]
[WhiteElo "2495"]
[BlackElo "2427"]
[PlyCount "49"]
[EventDate "2007.??.??"]

1. e4 c6 2. d4 d5 3. e5 Bf5 4. Nc3 a6 5. h4 h5 6. Bd3 Bxd3 7. Qxd3 e6 8. Nf3 c5
9. dxc5 Bxc5 10. Be3 Nd7 11. Nxd5 exd5 12. e6 Bxe3 13. exd7+ Qxd7 14. Qxe3+ Qe7
15. Qxe7+ Nxe7 16. O-O-O O-O-O 17. Rhe1 Nc6 18. Ne5 Rhf8 19. Re3 f6 20. Ng6 Rf7
21. Nf4 d4 22. Red3 Re8 23. Nxh5 Rh8 24. Ng3 Rxh4 25. Nf5 1-0

[Event "USCL New Jersey vs Queens"]
[Site "Internet Chess Club"]
[Date "2007.08.27"]
[Round "1"]
[White "Molner, Mackenzie"]
[Black "Coleman, Teddy"]
[Result "1/2-1/2"]
[WhiteElo "2335"]
[BlackElo "2297"]
[PlyCount "96"]
[EventDate "2007.??.??"]

1. e4 c5 2. Nf3 e6 3. d4 cxd4 4. Nxd4 a6 5. Bd3 Ne7 6. O-O Nbc6 7. Nb3 g6 8.
Be3 Bg7 9. N1d2 d5 10. c3 O-O 11. Nf3 Qc7 12. Qe2 e5 13. Rad1 dxe4 14. Bxe4 Bf5
15. Bxf5 Nxf5 16. Bc5 Rfd8 17. Nfd2 b6 18. Ba3 Nd6 19. Bxd6 Rxd6 20. Nc4 Rxd1
21. Rxd1 Rd8 22. Rxd8+ Qxd8 23. Ne3 b5 24. Qf3 Qd6 25. Qd5 Bf8 26. Nd2 Qxd5 27.
Nxd5 f5 28. b4 Kf7 29. a3 Bd6 30. c4 Ke6 31. Nc3 bxc4 32. Nxc4 Be7 33. Kf1 Nd4
34. Ke1 e4 35. Kd2 Bg5+ 36. Kd1 Nb5 37. Ne2 Kd5 38. Nb6+ Kc6 39. Nc4 Bf6 40.
Kd2 Nd4 41. Nc3 Bg5+ 42. Kd1 Bf4 43. h3 Bc7 44. Kd2 Nb5 45. Na4 Kd5 46. Ne3+
Kc6 47. Nc4 Bf4+ 48. Kd1 Bc7 1/2-1/2

[Event "USCL New Jersey vs Queens"]
[Site "Internet Chess Club"]
[Date "2007.08.27"]
[Round "1"]
[White "Shiber, Julia"]
[Black "Ju, Evan"]
[Result "1/2-1/2"]
[WhiteElo "2098"]
[BlackElo "2303"]
[PlyCount "103"]
[EventDate "2007.??.??"]

1. e4 e6 2. d4 d5 3. exd5 exd5 4. Bd3 Nc6 5. c3 Bd6 6. Ne2 Qh4 7. Nd2 Bg4 8.
Nf1 O-O-O 9. Be3 Nf6 10. Qc2 Ne4 11. O-O-O Bd7 12. g3 Qg4 13. Nf4 Bxf4 14. Bxf4
Rhe8 15. Ne3 Qe6 16. f3 Nd6 17. Rhe1 g6 18. Re2 f6 19. Nf5 Nxf5 20. Rxe6 Bxe6
21. g4 Nd6 22. Bxd6 Rxd6 23. Re1 Rdd8 24. Qd2 Bg8 25. Rxe8 Rxe8 26. Qf4 Rf8 27.
Kd2 Ne7 28. Qh6 Rf7 29. Qe3 Kd7 30. h4 f5 31. Qe5 c6 32. g5 Nc8 33. Qb8 Kd8 34.
c4 Rc7 35. b4 dxc4 36. Be2 c3+ 37. Kxc3 Bxa2 38. Bc4 Bxc4 39. Kxc4 Kd7 40. Kd3
Kd6 41. Kc3 a6 42. Kd3 Kd7 43. Kc3 Kd8 44. Kd3 Kd7 45. Kc3 Kd6 46. Kd3 Ne7 47.
Qf8 Rd7 48. Qb8+ Rc7 49. Qd8+ Rd7 50. Qb8+ Rc7 51. Qd8+ Rd7 52. Qb8+ 1/2-1/2

[Event "USCL Baltimore vs New York"]
[Site "Internet Chess Club"]
[Date "2007.08.29"]
[Round "1"]
[White "Rohonyan, Katerina"]
[Black "Bonin, Jay"]
[Result "1-0"]
[WhiteElo "2291"]
[BlackElo "2360"]
[PlyCount "81"]
[EventDate "2007.??.??"]

1. e4 Nc6 2. Nc3 Nf6 3. d4 d5 4. e5 Ng8 5. Nge2 Bf5 6. Be3 e6 7. Ng3 Bg6 8. h4
h5 9. Be2 Bb4 10. a3 Bxc3+ 11. bxc3 Nge7 12. Bg5 Qd7 13. Nxh5 Bxh5 14. Bxh5 Na5
15. Qf3 Nf5 16. g4 Nh6 17. Bxh6 Rxh6 18. g5 Rh8 19. g6 fxg6 20. Bxg6+ Kd8 21.
h5 c5 22. Rh4 Qe7 23. Rf4 Qg5 24. Rf8+ Kd7 25. Qf7+ Qe7 26. Qxe7+ Kxe7 27. Rf7+
Kd8 28. Rxg7 cxd4 29. cxd4 Rc8 30. Ke2 Nc6 31. Kd3 Ne7 32. Rh1 Rh6 33. Rh7 Rxh7
34. Bxh7 Kd7 35. Ke3 Rh8 36. Bd3 Rh6 37. Kf4 Ke8 38. Kg5 Ng8 39. Rh4 Kf7 40.
Bg6+ Kg7 41. Rf4 1-0

[Event "USCL Philadelphia vs Miami"]
[Site "Internet Chess Club"]
[Date "2007.08.29"]
[Round "1"]
[White "Espino, Miguel"]
[Black "Wilson, Elvin"]
[Result "1/2-1/2"]
[WhiteElo "2307"]
[BlackElo "2240"]
[PlyCount "72"]
[EventDate "2007.??.??"]

1. d4 d5 2. Nf3 Nf6 3. c4 c6 4. Nc3 dxc4 5. a4 Bf5 6. e3 e6 7. Bxc4 Bb4 8. O-O
O-O 9. Qb3 Qe7 10. Bd2 a5 11. Rfe1 Nbd7 12. h3 Bg6 13. Na2 Bxd2 14. Nxd2 Qd6
15. Be2 e5 16. Nc4 Qc7 17. Red1 exd4 18. Rxd4 Nc5 19. Qa3 Ne6 20. Qd6 Qxd6 21.
Rxd6 Ne4 22. Rdd1 N4c5 23. Nb6 Rad8 24. Rxd8 Rxd8 25. Rd1 Bc2 26. Rxd8+ Nxd8
27. Nc3 Kf8 28. Kf1 Ke7 29. Ke1 Nde6 30. Kd2 Bb3 31. Bc4 Kd6 32. f4 Kc7 33.
Na8+ Kb8 34. Nb6 Kc7 35. Na8+ Kb8 36. Nb6 Kc7 1/2-1/2

[Event "USCL Dallas vs Tennessee"]
[Site "Internet Chess Club"]
[Date "2007.08.29"]
[Round "1"]
[White "Andrews, Todd"]
[Black "Bartholomew, John"]
[Result "1/2-1/2"]
[WhiteElo "2337"]
[BlackElo "2488"]
[PlyCount "65"]
[EventDate "2007.??.??"]

1. d4 d5 2. c4 c6 3. Nf3 dxc4 4. e3 Be6 5. Nc3 b5 6. Be2 Nf6 7. O-O Bg4 8. a4
b4 9. Na2 e6 10. Ne5 Bxe2 11. Qxe2 Be7 12. Qxc4 Qd5 13. a5 Nfd7 14. Qxd5 cxd5
15. Nd3 Nc6 16. Bd2 Nxa5 17. Bxb4 Nb3 18. Rad1 a5 19. Bxe7 Kxe7 20. Nac1 Rab8
21. Nxb3 Rxb3 22. Rd2 Rc8 23. Ra1 Kd6 24. Kf1 Rb5 25. Ke2 f6 26. b4 axb4 27.
Rb2 b3 28. Rab1 e5 29. Rxb3 Ra5 30. dxe5+ fxe5 31. R3b2 Ra3 32. Rd1 Ke6 33.
Rdd2 1/2-1/2

[Event "USCL Dallas vs Tennessee"]
[Site "Internet Chess Club"]
[Date "2007.08.29"]
[Round "1"]
[White "Stopa, Jacek"]
[Black "Bereolos, Peter"]
[Result "1-0"]
[WhiteElo "2433"]
[BlackElo "2317"]
[PlyCount "105"]
[EventDate "2007.??.??"]

1. Nc3 Nf6 2. d4 g6 3. e4 d6 4. Nf3 Bg7 5. h3 c6 6. a4 Qc7 7. Be2 e5 8. O-O O-O
9. Re1 Nbd7 10. Bf1 b6 11. b3 Bb7 12. Ba3 exd4 13. Nxd4 a6 14. Nde2 c5 15. f3
Rad8 16. Qd2 Bc6 17. Rad1 Ne5 18. f4 Ned7 19. Qxd6 Qxd6 20. Rxd6 Bxe4 21. Nxe4
Nxe4 22. Rc6 Nd2 23. Bc1 Nxf1 24. Kxf1 Rfe8 25. Rd1 Nf6 26. Rxd8 Rxd8 27. Ke1
Nd5 28. Bd2 a5 29. c4 Nb4 30. Bxb4 axb4 31. Rxb6 Bc3+ 32. Kf2 Rd2 33. a5 Ra2
34. a6 Kg7 35. Ke3 Be1 36. Rc6 Ra3 37. Nc1 Ra1 38. Nd3 Bc3 39. Nxc5 Re1+ 40.
Kf2 Re7 41. Kf3 Bd4 42. g3 Re3+ 43. Kg2 Re2+ 44. Kf1 Rf2+ 45. Ke1 Ra2 46. Na4
Ra3 47. c5 Rxb3 48. a7 Re3+ 49. Kd2 Re8 50. Nb6 b3 51. a8=Q b2 52. Qa2 Re3 53.
Rc7 1-0

[Event "USCL Baltimore vs New York"]
[Site "Internet Chess Club"]
[Date "2007.08.29"]
[Round "1"]
[White "Arnold, Marc"]
[Black "Battsetseg, Tsagaan"]
[Result "1-0"]
[WhiteElo "2360"]
[BlackElo "2234"]
[PlyCount "83"]
[EventDate "2007.??.??"]

1. d4 Nf6 2. c4 g6 3. Nf3 Bg7 4. g3 d6 5. Bg2 O-O 6. O-O Nbd7 7. Nc3 e5 8. e4
a6 9. dxe5 Nxe5 10. Nxe5 dxe5 11. Be3 Be6 12. Qe2 c6 13. Rfd1 Qe7 14. h3 b5 15.
c5 Rfd8 16. b3 a5 17. Rac1 Rxd1+ 18. Nxd1 Nd7 19. Nb2 Bf8 20. f4 exf4 21. gxf4
Qh4 22. Qf3 Bg7 23. Nd3 a4 24. Bf2 Qe7 25. Nb4 Nb8 26. e5 axb3 27. axb3 Bd7 28.
Qd3 g5 29. Qd6 Qe8 30. Bg3 Ra3 31. Rc3 Ra1+ 32. Kh2 Rb1 33. f5 Bxf5 34. Nxc6
Nxc6 35. Qxc6 Bd7 36. Qe4 Rb2 37. c6 Bc8 38. Rd3 Qe6 39. Qg4 f5 40. Rd8+ Kf7
41. Qh5+ Ke7 42. Qe8# 1-0

[Event "USCL San Francisco vs Carolina"]
[Site "Internet Chess Club"]
[Date "2007.08.29"]
[Round "1"]
[White "Zaikov, Oleg"]
[Black "Bhat, Vinay"]
[Result "0-1"]
[WhiteElo "2369"]
[BlackElo "2465"]
[PlyCount "52"]
[EventDate "2007.??.??"]

1. d4 Nf6 2. c4 e6 3. Nc3 Bb4 4. a3 Bxc3+ 5. bxc3 c5 6. e3 b6 7. Bd3 Nc6 8. Ne2
O-O 9. e4 Ne8 10. O-O Ba6 11. f4 f5 12. d5 exd5 13. cxd5 Bxd3 14. Qxd3 fxe4 15.
Qc2 Na5 16. Ng3 Nd6 17. f5 Qe7 18. Bf4 Rae8 19. Rae1 Nab7 20. Re2 Qf7 21. Nxe4
Nxe4 22. Rxe4 Rxe4 23. Qxe4 Qxf5 24. Qf3 c4 25. Qe2 Qxd5 26. Qe7 Qc5+ 0-1

[Event "USCL San Francisco vs Carolina"]
[Site "Internet Chess Club"]
[Date "2007.08.29"]
[Round "1"]
[White "Malugu, Satyajit"]
[Black "Naroditsky, Daniel"]
[Result "0-1"]
[WhiteElo "2192"]
[BlackElo "2170"]
[PlyCount "76"]
[EventDate "2007.??.??"]

1. e4 c5 2. d4 cxd4 3. c3 Nf6 4. e5 Nd5 5. Nf3 e6 6. cxd4 Nc6 7. Nc3 Nxc3 8.
bxc3 d6 9. Bf4 Be7 10. Bd3 a6 11. Qe2 Qa5 12. O-O d5 13. Rac1 h6 14. Bb1 Bd7
15. Nd2 Ba3 16. Rc2 Ne7 17. Nb3 Qb5 18. Qg4 Nf5 19. Bc1 Be7 20. Rb2 h5 21. Qh3
Ba3 22. Bd3 Qc6 23. Rb1 Be7 24. Na5 Qxc3 25. Nxb7 Qxd4 26. Bxf5 exf5 27. Nd6+
Bxd6 28. exd6 O-O 29. Qxh5 Bb5 30. Re1 Rae8 31. Be3 Qe5 32. Red1 Qe4 33. Bc5
Be2 34. f3 Bxd1 35. fxe4 Bxh5 36. d7 Rd8 37. Rb7 fxe4 38. Rc7 Bg4 0-1

[Event "USCL San Francisco vs Carolina"]
[Site "Internet Chess Club"]
[Date "2007.08.29"]
[Round "1"]
[White "Pruess, David"]
[Black "Jones, Craig"]
[Result "1-0"]
[WhiteElo "2448"]
[BlackElo "2323"]
[PlyCount "73"]
[EventDate "2007.??.??"]

1. e4 e6 2. d4 d5 3. Nc3 Nf6 4. e5 Nfd7 5. f4 c5 6. Nf3 Nc6 7. Be3 cxd4 8. Nxd4
Bc5 9. Qd2 O-O 10. O-O-O a6 11. Nb3 b6 12. h4 Bb7 13. Rh3 Rc8 14. h5 Na5 15.
Bd4 Nxb3+ 16. axb3 Qe7 17. Kb1 Bxd4 18. Qxd4 f6 19. exf6 Qxf6 20. Qxf6 Rxf6 21.
g3 Rc7 22. Rh2 b5 23. Bh3 Nc5 24. b4 Nd7 25. Ne2 e5 26. fxe5 Nxe5 27. Nf4 Nf3
28. Be6+ Kf8 29. Rf2 Ng5 30. Bxd5 Bxd5 31. Rxd5 h6 32. Rxg5 hxg5 33. Ne6+ Ke7
34. Rxf6 Rc6 35. Rg6 Rxe6 36. Rxg7+ Kf8 37. Rxg5 1-0

[Event "USCL San Francisco vs Carolina"]
[Site "Internet Chess Club"]
[Date "2007.08.29"]
[Round "1"]
[White "Friedel, Josh"]
[Black "Milman, Lev"]
[Result "0-1"]
[WhiteElo "2543"]
[BlackElo "2531"]
[PlyCount "96"]
[EventDate "2007.??.??"]

1. e4 e5 2. Nf3 Nc6 3. Bb5 a6 4. Ba4 Nf6 5. O-O Be7 6. Re1 b5 7. Bb3 O-O 8. c3
d5 9. exd5 Nxd5 10. Nxe5 Nxe5 11. Rxe5 c6 12. g3 Bd6 13. Re1 Bf5 14. d4 Qd7 15.
Be3 Rae8 16. Nd2 Bg4 17. Qb1 Re7 18. Ne4 Rfe8 19. Nxd6 Qxd6 20. Qd3 Qf6 21. Bc2
g6 22. Qd2 Bh3 23. Bd3 Qf3 24. Bf1 Bxf1 25. Rxf1 h5 26. Rae1 h4 27. Qd1 Qxd1
28. Rxd1 hxg3 29. hxg3 Nxe3 30. fxe3 Rxe3 31. Kg2 f5 32. d5 c5 33. d6 Rd8 34.
d7 Kf7 35. Rd6 Re6 36. Rd5 Ke7 37. Rfd1 Re2+ 38. Kf3 Rxb2 39. Rxc5 Rxd7 40.
Re1+ Kf7 41. Rc6 Rxa2 42. Re3 Rdd2 43. Kf4 Ra4+ 44. Ke5 Rd7 45. Rf6+ Kg7 46.
Re6 a5 47. Re8 Kf7 48. Re6 Rc4 0-1

[Event "USCL Dallas vs Tennessee"]
[Site "Internet Chess Club"]
[Date "2007.08.29"]
[Round "1"]
[White "Kuljasevic, Davorin"]
[Black "Burnett, Ron"]
[Result "1-0"]
[WhiteElo "2491"]
[BlackElo "2407"]
[PlyCount "89"]
[EventDate "2007.??.??"]

1. d4 Nf6 2. Nf3 e6 3. c4 b6 4. g3 Bb7 5. Bg2 Be7 6. Nc3 Ne4 7. Bd2 O-O 8. O-O
f5 9. Qc2 Na6 10. Rad1 Nb4 11. Qb1 Nxc3 12. Bxc3 Be4 13. Qa1 a5 14. Ne1 Bxg2
15. Nxg2 Bf6 16. Qb1 c6 17. a3 Na6 18. e4 fxe4 19. Qxe4 Nc7 20. Nf4 d5 21. Qe2
Qd7 22. Rfe1 Rae8 23. b3 c5 24. Qb2 a4 25. bxa4 cxd4 26. Bxd4 e5 27. Bxe5 Rxe5
28. Rxe5 Qd6 29. Rde1 dxc4 30. Qc3 Qc6 31. Nh5 Bxe5 32. Qxe5 Rf7 33. Rc1 Ne6
34. Re1 Nc7 35. Nf4 Rf8 36. Rc1 Re8 37. Qd4 Re4 38. Qb2 Ne6 39. Nxe6 Qxe6 40.
Qb4 h6 41. Rb1 Re2 42. Kf1 Rc2 43. Re1 Qc6 44. Kg1 c3 45. Qb3+ 1-0

[Event "USCL Philadelphia vs Miami"]
[Site "Internet Chess Club"]
[Date "2007.08.29"]
[Round "1"]
[White "Kudrin, Sergey"]
[Black "Esserman, Marc"]
[Result "1/2-1/2"]
[WhiteElo "2605"]
[BlackElo "2307"]
[PlyCount "125"]
[EventDate "2007.??.??"]

1. e4 c5 2. Nf3 d6 3. d4 cxd4 4. Nxd4 Nf6 5. Nc3 a6 6. a4 Nc6 7. Bc4 e6 8. O-O
Qc7 9. Ba2 Be7 10. Be3 O-O 11. Kh1 b6 12. f4 Bb7 13. f5 Nb4 14. fxe6 Nxa2 15.
Rxa2 Qc4 16. Qd3 Rac8 17. Nf5 Rfe8 18. exf7+ Qxf7 19. Raa1 Qe6 20. Bd4 Bf8 21.
Qg3 Kh8 22. Rae1 b5 23. axb5 axb5 24. Nxb5 Ba6 25. Nbxd6 Bxf1 26. Rxf1 Rxc2 27.
Nxe8 Qxe8 28. e5 Ne4 29. Qd3 Qc6 30. e6 Ng5 31. Ne3 Rc1 32. Bc3 Rxf1+ 33. Qxf1
Nxe6 34. h3 Qe4 35. Qf3 Qb1+ 36. Qd1 Qe4 37. Qf3 Qb1+ 38. Kh2 Qd3 39. Nf5 Qxf3
40. gxf3 Kg8 41. b4 g6 42. Ne3 Bd6+ 43. Kh1 Nf4 44. h4 Kf7 45. Nc4 Bb8 46. b5
Ke6 47. b6 Nd3 48. Nd2 Kd5 49. Ne4 Kc6 50. Bd4 Be5 51. Be3 Ne1 52. f4 Bb8 53.
Ng5 Nc2 54. Bd2 h5 55. Ne6 Kxb6 56. Nf8 Kc6 57. Kg2 Kd5 58. Nxg6 Ke4 59. Kg3
Nd4 60. Ne5 Bxe5 61. fxe5 Nf5+ 62. Kh3 Kxe5 63. Bg5 1/2-1/2

[Event "USCL Philadelphia vs Miami"]
[Site "Internet Chess Club"]
[Date "2007.08.29"]
[Round "1"]
[White "Martinez, Marcel"]
[Black "Smith, Bryan"]
[Result "1/2-1/2"]
[WhiteElo "2462"]
[BlackElo "2442"]
[PlyCount "115"]
[EventDate "2007.??.??"]

1. e4 c5 2. Nf3 d6 3. d4 cxd4 4. Nxd4 Nf6 5. Nc3 g6 6. Be3 Bg7 7. f3 Nc6 8. Qd2
O-O 9. O-O-O Bd7 10. g4 Rc8 11. h4 Ne5 12. h5 Qa5 13. Kb1 Nxf3 14. Nxf3 Rxc3
15. Qxc3 Qxc3 16. bxc3 Bxg4 17. Bg2 Nxe4 18. Rd3 Nxc3+ 19. Rxc3 Bxc3 20. hxg6
hxg6 21. Ng5 b6 22. Rh4 Bf5 23. Ra4 Ba5 24. Bd5 e6 25. Bb3 d5 26. Nf3 Be4 27.
Ng5 Bf5 28. Nf3 f6 29. Nd4 Rc8 30. Nb5 a6 31. Nd6 Rc6 32. Nb7 Bc3 33. Rxa6 d4
34. Ra8+ Kh7 35. Bc1 d3 36. Rd8 dxc2+ 37. Bxc2 Bxc2+ 38. Kxc2 Be5+ 39. Kd1 Rc7
40. Nd6 g5 41. Ne4 Rc4 42. Nf2 Rd4+ 43. Rxd4 Bxd4 44. Ne4 Kg6 45. Ke2 g4 46.
Kd3 e5 47. a4 f5 48. Nd2 Kf6 49. Nf1 f4 50. Bxf4 exf4 51. Kxd4 Ke6 52. Ke4 g3
53. Nd2 Kd6 54. Kd4 Kc6 55. Kc4 Kc7 56. Nf3 Kc6 57. Kd4 Kb7 58. Ke4 1/2-1/2

[Event "USCL Dallas vs Tennessee"]
[Site "Internet Chess Club"]
[Date "2007.08.29"]
[Round "1"]
[White "Wheeler, Jerry"]
[Black "Zorigt, Bayaraa"]
[Result "1/2-1/2"]
[WhiteElo "2200"]
[BlackElo "2207"]
[PlyCount "133"]
[EventDate "2007.??.??"]

1. d4 Nf6 2. Nf3 e6 3. c4 b6 4. a3 Bb7 5. Nc3 Be7 6. d5 O-O 7. e4 exd5 8. cxd5
Re8 9. Bd3 d6 10. O-O Nbd7 11. Nd4 Nc5 12. Bb5 Ncd7 13. Re1 a6 14. Bc6 Qc8 15.
f4 Bf8 16. Bxb7 Qxb7 17. Nc6 Nb8 18. Nxb8 Raxb8 19. Qf3 c6 20. Be3 c5 21. Bf2
Qc7 22. Rad1 Nd7 23. Bg3 g6 24. e5 f5 25. exf6 Nxf6 26. f5 Qg7 27. Re6 Rxe6 28.
dxe6 Rd8 29. fxg6 hxg6 30. Rf1 Be7 31. Qc6 Qh6 32. Qxb6 Qe3+ 33. Kh1 Qxe6 34.
Re1 Qf7 35. Qxa6 Nh5 36. Qd3 Kg7 37. Nd5 Nxg3+ 38. hxg3 Bf6 39. Nxf6 Qxf6 40.
Qc3 Qxc3 41. bxc3 Ra8 42. Ra1 Ra4 43. Kg1 Kf6 44. Kf2 Ke5 45. Ke3 Kd5 46. Kd3
Rg4 47. Rd1 Rxg3+ 48. Kc2+ Kc6 49. Rd2 Kb5 50. Kb3 c4+ 51. Kb2 Kc6 52. a4 d5
53. Rc2 Kc5 54. Rd2 g5 55. Kc2 g4 56. Kb2 Re3 57. a5 g3 58. a6 Kb6 59. Rxd5
Re2+ 60. Ka3 Kxa6 61. Kb4 Rxg2 62. Rd6+ Kb7 63. Kxc4 Rg1 64. Rg6 g2 65. Kc5 Rc1
66. Rxg2 Rxc3+ 67. Kd4 1/2-1/2

[Event "USCL Seattle vs Boston"]
[Site "Internet Chess Club"]
[Date "2007.08.29"]
[Round "1"]
[White "Williams, Chris"]
[Black "Lee, Michael"]
[Result "1-0"]
[WhiteElo "2241"]
[BlackElo "2240"]
[PlyCount "81"]
[EventDate "2007.??.??"]

1. e4 c5 2. Nf3 d6 3. d4 cxd4 4. Nxd4 Nf6 5. Nc3 g6 6. Be3 Bg7 7. f3 O-O 8. Qd2
Nc6 9. O-O-O Nxd4 10. Bxd4 Be6 11. Kb1 Qc7 12. Nd5 Bxd5 13. exd5 Rfc8 14. Rc1
Qd7 15. g4 b5 16. g5 Nh5 17. Bxg7 Nxg7 18. Bd3 Rc5 19. Be4 Rac8 20. h4 Nh5 21.
Rhg1 e5 22. dxe6 fxe6 23. Qe3 e5 24. Rcd1 Nf4 25. c3 Qe6 26. Bc2 Kh8 27. Rd2 a5
28. Re1 Nd5 29. Qd3 a4 30. h5 Nf4 31. Qxd6 Qxd6 32. Rxd6 Nxh5 33. a3 Rf8 34.
Re6 Nf4 35. R6xe5 Rfc8 36. R1e4 Nh3 37. f4 Kg7 38. Re7+ Kg8 39. Rb7 Rf8 40.
Ree7 Rxf4 41. Rg7+ 1-0

[Event "USCL Seattle vs Boston"]
[Site "Internet Chess Club"]
[Date "2007.08.29"]
[Round "1"]
[White "Kelleher, William"]
[Black "Mikhailuk, Slava"]
[Result "1/2-1/2"]
[WhiteElo "2392"]
[BlackElo "2433"]
[PlyCount "93"]
[EventDate "2007.??.??"]

1. e4 c5 2. c3 d5 3. exd5 Qxd5 4. d4 Nf6 5. Nf3 e6 6. Be3 cxd4 7. cxd4 Be7 8.
Nc3 Qd6 9. Bd3 O-O 10. O-O Nc6 11. a3 b6 12. Re1 Bb7 13. Qe2 Rfd8 14. Rad1 Rac8
15. Bb1 g6 16. Ba2 Nd5 17. Ne4 Qd7 18. Bh6 Ba8 19. Nfg5 Nf4 20. Qf3 Nxd4 21.
Rxd4 Qxd4 22. Nxf7 Qxe4 23. Qxe4 Bxe4 24. Nxd8 Rxd8 25. Bxf4 Bd5 26. Bxd5 Rxd5
27. Kf1 Kf7 28. Rc1 b5 29. Rc7 a5 30. b3 Ke8 31. Ke2 a4 32. bxa4 bxa4 33. Ra7
Bxa3 34. Rxa4 Be7 35. Ra8+ Kf7 36. Ra7 h5 37. h4 Ke8 38. g3 Rd7 39. Rxd7 Kxd7
40. Kd3 Bc5 41. f3 Ke7 42. Ke4 Kf7 43. Bg5 Bd6 44. g4 hxg4 45. fxg4 Bf8 46. Ke5
Bg7+ 47. Ke4 1/2-1/2

[Event "USCL Seattle vs Boston"]
[Site "Internet Chess Club"]
[Date "2007.08.29"]
[Round "1"]
[White "Schmidt, Loren"]
[Black "Shmelov, Denys"]
[Result "1/2-1/2"]
[WhiteElo "2430"]
[BlackElo "2391"]
[PlyCount "94"]
[EventDate "2007.??.??"]

1. d4 Nf6 2. c4 e6 3. Nf3 b6 4. g3 Bb7 5. Bg2 Be7 6. Nc3 Ne4 7. Bd2 f5 8. O-O
O-O 9. Rc1 Bf6 10. d5 Na6 11. a3 Nac5 12. b4 Nxc3 13. Bxc3 Ne4 14. Bxf6 Qxf6
15. Qd4 Qe7 16. Qe5 Qd6 17. dxe6 Qxe5 18. Nxe5 dxe6 19. Rfd1 Rfd8 20. Rd3 Rxd3
21. exd3 Nd6 22. c5 Bxg2 23. Kxg2 Nf7 24. Nc6 Kf8 25. Nd4 Nd8 26. Nb5 c6 27.
Nd4 Ke7 28. cxb6 axb6 29. Nxc6+ Nxc6 30. Rxc6 Rxa3 31. Rxb6 Rxd3 32. Rb7+ Kf6
33. h4 h6 34. b5 g5 35. b6 Rb3 36. Rb8 g4 37. b7 Kg7 38. Re8 Rxb7 39. Rxe6 Rf7
40. f3 Rb7 41. fxg4 fxg4 42. h5 Rb2+ 43. Kf1 Rb5 44. Rg6+ Kh7 45. Rxg4 Rxh5 46.
Kg2 Rf5 47. Ra4 Kg6 1/2-1/2

[Event "USCL Philadelphia vs Miami"]
[Site "Internet Chess Club"]
[Date "2007.08.29"]
[Round "1"]
[White "Costigan, Richard"]
[Black "Moreno Roman, Alejandro"]
[Result "1-0"]
[WhiteElo "2287"]
[BlackElo "2387"]
[PlyCount "199"]
[EventDate "2007.??.??"]

1. e4 c5 2. b3 Nc6 3. Bb2 Nf6 4. e5 Nd5 5. g3 e6 6. Bg2 Be7 7. Nf3 O-O 8. O-O
b6 9. c4 Nc7 10. d4 cxd4 11. Nxd4 Bb7 12. Nc3 f5 13. exf6 Bxf6 14. Nxc6 Bxc6
15. Qd6 Bxg2 16. Kxg2 b5 17. Rab1 bxc4 18. bxc4 Ne8 19. Qd3 Qc7 20. Ne4 Bxb2
21. Rxb2 Nf6 22. Rd1 Nxe4 23. Qxe4 Rab8 24. Rb3 Rxb3 25. axb3 Qb6 26. Rd4 h6
27. b4 Rf7 28. c5 Qc6 29. Qxc6 dxc6 30. Rd8+ Kh7 31. Re8 Rb7 32. Rxe6 Rxb4 33.
Rxc6 a5 34. Ra6 a4 35. Kf3 Rc4 36. Ke3 a3 37. Rxa3 Rxc5 38. Ra2 Kg6 39. h4 h5
40. Ra7 Rb5 41. Rd7 Kf6 42. Rd6+ Kf5 43. Kd4 Rb4+ 44. Kc3 Ra4 45. Rd5+ Kg6 46.
Kd3 Ra2 47. Ke3 Ra3+ 48. Ke4 Ra2 49. f3 Ra4+ 50. Ke5 Ra3 51. Rd6+ Kf7 52. Ke4
Ra4+ 53. Rd4 Ra3 54. Kf4 Ra5 55. Rb4 Kf6 56. Rb6+ Kf7 57. Rd6 Ra4+ 58. Ke5 Ra3
59. Ke4 Ra4+ 60. Rd4 Ra5 61. Rd5 Ra4+ 62. Kf5 Ra3 63. Rd7+ Ke8 64. Rxg7 Rxf3+
65. Ke4 Ra3 66. Kf4 Kf8 67. Rg5 Ra4+ 68. Kf5 Kf7 69. Rxh5 Ra5+ 70. Kg4 Ra4+ 71.
Kh3 Kg6 72. Rb5 Rc4 73. Rb6+ Kg7 74. Re6 Kf7 75. Ra6 Rb4 76. Rc6 Ra4 77. h5 Kg7
78. g4 Kh7 79. Kh4 Ra5 80. Rc7+ Kh8 81. Rf7 Rb5 82. Rf5 Rb6 83. Kg5 Ra6 84. Rb5
Rc6 85. Kf5 Ra6 86. Re5 Kg7 87. Re7+ Kh8 88. g5 Ra8 89. Kf6 Ra6+ 90. Re6 Ra8
91. Kf7 Ra7+ 92. Re7 Ra5 93. Re8+ Kh7 94. g6+ Kh6 95. Rh8+ Kg5 96. g7 Ra7+ 97.
Kg8 Kf6 98. Rh6+ Kg5 99. Rb6 Kxh5 100. Kh8 1-0

[Event "USCL New York vs Boston"]
[Site "Internet Chess Club"]
[Date "2007.09.17"]
[Round "4"]
[White "Nakamura, Hikaru"]
[Black "Christiansen, Larry"]
[Result "1/2-1/2"]
[WhiteElo "2742"]
[BlackElo "2669"]
[PlyCount "64"]
[EventDate "2007.??.??"]

1. d4 Nf6 2. Bg5 d5 3. e3 Ne4 4. Bf4 c5 5. Bd3 e6 6. Bxe4 dxe4 7. Nc3 cxd4 8.
Qxd4 Qxd4 9. exd4 Bb4 10. Nge2 f5 11. O-O-O O-O 12. d5 Na6 13. dxe6 Bxe6 14.
Bd6 Rfd8 15. Bxb4 Nxb4 16. Nd4 Kf7 17. Rhe1 Rac8 18. g4 g6 19. gxf5 Bxf5 20.
Ndb5 e3 21. Nd6+ Rxd6 22. Rxd6 Nxa2+ 23. Nxa2 Rxc2+ 24. Kd1 Rxb2 25. Rxe3 Rxa2
26. Rc3 Ke7 27. Rd4 h5 28. Rc7+ Kf6 29. Rxb7 Rxf2 30. h4 Ra2 31. Rc4 Ke5 32.
Rb5+ Kd6 1/2-1/2

[Event "USCL New York vs Boston"]
[Site "Internet Chess Club"]
[Date "2007.09.17"]
[Round "4"]
[White "Williams, Chris"]
[Black "Vicary, Elizabeth"]
[Result "1-0"]
[WhiteElo "2241"]
[BlackElo "2157"]
[PlyCount "75"]
[EventDate "2007.??.??"]

1. e4 c5 2. Nf3 Nc6 3. d4 cxd4 4. Nxd4 Nf6 5. Nc3 e5 6. Ndb5 d6 7. Bg5 a6 8.
Na3 b5 9. Bxf6 gxf6 10. Nd5 f5 11. Bd3 Be6 12. O-O Bxd5 13. exd5 Ne7 14. c3 Qd7
15. Qh5 Rg8 16. Rad1 Rg6 17. c4 e4 18. Bb1 Bg7 19. Qe2 Rb8 20. b3 Kf8 21. f3
Qa7+ 22. Kh1 Qc5 23. Nc2 Be5 24. fxe4 Rh6 25. h3 f4 26. cxb5 axb5 27. Ne1 Ng6
28. Nd3 Qc7 29. Qg4 Re8 30. Rc1 Qa7 31. Qg5 Rh4 32. Nxe5 Rxe5 33. Qf6 Qd7 34.
Rf3 Reh5 35. Kg1 Rh6 36. Rfc3 Kg8 37. Rc7 Nf8 38. Qg5+ 1-0

[Event "USCL New York vs Boston"]
[Site "Internet Chess Club"]
[Date "2007.09.17"]
[Round "4"]
[White "Bonin, Jay"]
[Black "Shmelov, Denys"]
[Result "1/2-1/2"]
[WhiteElo "2360"]
[BlackElo "2391"]
[PlyCount "122"]
[EventDate "2007.??.??"]

1. d4 Nf6 2. c4 e6 3. Nf3 b6 4. g3 Bb7 5. Bg2 Be7 6. O-O O-O 7. Nc3 Na6 8. d5
Bb4 9. Ne5 Bxc3 10. bxc3 exd5 11. Bg5 Qe7 12. Ng4 Qe6 13. Nxf6+ gxf6 14. cxd5
Qf5 15. Bh6 Rfe8 16. e4 Qg6 17. Be3 Nc5 18. Bxc5 bxc5 19. Qa4 f5 20. Rab1 Ba6
21. exf5 Qd6 22. Qg4+ Kh8 23. c4 Re5 24. Rfe1 Rg8 25. Qh4 f6 26. Bf1 Bc8 27. f4
Re7 28. Kf2 Rge8 29. Qh6 c6 30. Bg2 Ba6 31. Bf1 cxd5 32. cxd5 c4 33. Rxe7 Qxe7
34. Rd1 Qe3+ 35. Kg2 Qe4+ 36. Kh3 Qxf5+ 37. Kh4 Qg6 38. Qh5 Rc8 39. Bh3 Qxh5+
40. Kxh5 c3 41. Kh6 Bb5 42. Bf5 Kg8 43. Bxh7+ Kf7 44. Bg6+ Kf8 45. d6 c2 46.
Rc1 Ba4 47. Be4 Rc4 48. Bd5 Rc5 49. Bb3 Bxb3 50. axb3 Kf7 51. f5 Rc8 52. Kh7
Rc5 53. g4 Rc3 54. h4 Rg3 55. Rxc2 Rxg4 56. h5 Rg7+ 57. Kh6 Rg8 58. Kh7 Rg7+
59. Kh6 Rg8 60. Kh7 Rg7+ 61. Kh6 Rg8 1/2-1/2